Kultúra, etika, podnikavosť

Objasnenie pojmu kultúra. Zisťovanie kultúry organizácie. Aspekty medziľudských a sociálnych vzťahov. Presadzovanie etického atribútu v podnikaní. Etický rozmer podnikania.

Gespeichert in:
Bibliographische Detailangaben
1. Verfasser: Prusáková, Viera
Format: Buchkapitel
Sprache:Slowakisch
Schlagworte:
Tags: Tag hinzufügen
Keine Tags, Fügen Sie das erste Tag hinzu!

MARC

LEADER 00000naa a2200000 4500
001 r040864
005 20230918123602.4
041 0 |a slo 
044 |a SK 
245 1 0 |a Kultúra, etika, podnikavosť  |c Viera Prusáková 
520 |a Objasnenie pojmu kultúra. Zisťovanie kultúry organizácie. Aspekty medziľudských a sociálnych vzťahov. Presadzovanie etického atribútu v podnikaní. Etický rozmer podnikania. 
610 2 0 |a etika 
610 2 0 |a etika podniková 
610 2 0 |a etika sociálna 
610 2 0 |a kultúra podniková 
610 2 0 |a kultúra procesu pracovného 
610 2 0 |a etika podnikateľská 
610 2 0 |a pojmy 
100 1 |a Prusáková, Viera